| 000 | 02674nam a22003377a 4500 | ||
|---|---|---|---|
| 005 | 20111221141429.0 | ||
| 010 | _aB-482190-199 | ||
| 020 |
_a8181463544 _c250.00 |
||
| 035 | _aB-482190-199 | ||
| 037 | _bBlue Berry/Ven | ||
| 082 | _a808.543 | ||
| 100 |
_aSpagnoli, Cathy _953596 |
||
| 245 |
_aThe world of Asian stories: _cby Cathy Spagnoli; illustrated by Uma Krishnaswamy _ba teaching resource / |
||
| 260 |
_aChennai _bTulika Publishers _c2010 |
||
| 270 |
_a13, Prithvi Avenue, Abhiramaouram _bChennai _e600 018 |
||
| 300 |
_a148p. _bill. _c28cm(pbk) |
||
| 650 |
_aStories _9938 |
||
| 700 |
_aKrishnaswamy, Uma _937318 |
||
| 942 |
_2ddc _cCH _mSPA _h808.543 |
||
| 999 |
_c59780 _d59780 |
||